| 000 | 00633nam a2200205 i 4500 | ||
|---|---|---|---|
| 001 | 34581 | ||
| 003 | ES-MaACL | ||
| 005 | 20250921063023.0 | ||
| 007 | t| | ||
| 008 | 030207s1985 sp ||||1| spa d | ||
| 020 | _a84-7090-071-4 | ||
| 100 | 1 |
_aBlázquez, José María, _d1926- _9141915 |
|
| 245 | 1 | 0 |
_aDiccionario de las religiones prerromanas de Hispania / _cJosé María Blázquez. |
| 260 |
_a[Madrid] : _bIstmo, _c[1985] |
||
| 300 |
_a191 p. : _bil. ; _c22 cm. |
||
| 490 | 1 | _aColegio universitario | |
| 830 | 0 |
_aColegio universitario _9183422 |
|
| 852 |
_aES-MaACL _jL-8560 _bR.108146 |
||
| 999 |
_c34581 _d34581 |
||